000 00470cab a2200193 4500
001 X463
008 090401t1993 xxu||||| |||| 00| 0 eng d
035 _a(Sirsi) u65769
041 _aeng
245 _aWade to chair international committee
260 _c1993
350 _a0
490 _aChartered Quantity Surveyor
_v15(6) February 1993, 25(1)
650 _aCASLE
650 _aRICS
690 _aQuantity surveying
_96263
942 _n0
948 _c04/03/1997
999 _c41053
_d41053